00517 2200205 4500001002100000008004100021035002000062245005300082100001600135250002000151260003400171300002000205020001800225084001500243082001000258650001600268990000900284990000900293990000900302INLIS000000000002255 ind  a0010-0425002255 aAnde-Ande LumutbSeri Cerita rakyatcM. Rantissi aM. Rantissi aCetakan pertama aJakarta :bBintang Indonesia, a24 hlm.c19 cm. a602-218-225-5 a398.2 M. a a398.2 aM. Rantissi a5963 a5964 a5997